Výber spôsobu uplatňovania výdavkov podnikateľa fyzickej osoby

Každý začínajúci podnikateľ sa pred začiatkom podnikania musí rozhodnúť o forme podnikania, či bude podnikať ako fyzická alebo ako právnická osoba. Toto rozhodnutie ovplyvňuje najmä predmet podnikania a výška potrebného vstupného kapitálu. Výsledok rozhodnutia ovplyvní spôsob zodpovednosti za podnik...

Celý popis

Uložené v:
Podrobná bibliografia
Hlavný autor: Kolembus, Anton
Médium: Kapitola
Jazyk:Slovak
Predmet:
Tagy: Pridať tag
Žiadne tagy, Buďte prvý, kto otaguje tento záznam!

MARC

LEADER 00000naa a2200000 4500
001 0248473
005 20221104110933.9
041 0 |a slo 
044 |a SK 
245 1 0 |a Výber spôsobu uplatňovania výdavkov podnikateľa fyzickej osoby  |c Anton Kolembus 
520 |a Každý začínajúci podnikateľ sa pred začiatkom podnikania musí rozhodnúť o forme podnikania, či bude podnikať ako fyzická alebo ako právnická osoba. Toto rozhodnutie ovplyvňuje najmä predmet podnikania a výška potrebného vstupného kapitálu. Výsledok rozhodnutia ovplyvní spôsob zodpovednosti za podnikanie (ručenie za svoje záväzky) ako aj spôsob a výšku zdanenia dosiahnutých príjmov. Ilustračné príklady. 
610 2 0 |a výdavky daňové 
610 2 0 |a osoby fyzické 
610 2 0 |a podnikatelia 
610 2 0 |a osoby právnické 
610 2 0 |a daňovníci 
610 2 0 |a účtovníctvo jednoduché 
100 1 |a Kolembus, Anton